000 00240nam a2200109Ia 4500
999 _c7770
_d7770
020 _a9780130959973
100 _aFloyd
245 0 _aPrinciples Of Electric Circuits
260 _aNew York
_bPrentice Hall
_c2002
300 _a927
942 _cBK